| 000 | 01357nam a22003374a 4500 | ||
|---|---|---|---|
| 001 | ebr2001256 | ||
| 003 | CaPaEBR | ||
| 006 | m u | ||
| 007 | cr cn||||||||| | ||
| 008 | 990713s2000 caua sb s001 0 eng | ||
| 010 | _z 99038465 | ||
| 020 | _z0520216350 (alk. paper) | ||
| 020 | _z0520216369 (pbk. : alk. paper) | ||
| 040 |
_aCaPaEBR _cCaPaEBR |
||
| 035 | _a(OCoLC)45728195 | ||
| 050 | 1 | 4 |
_aLB2285.J3 _bM33 2000eb |
| 082 | 0 | 4 |
_a370.117/0952 _221 |
| 100 | 1 |
_aMcConnell, David L., _d1959- |
|
| 245 | 1 | 0 |
_aImporting diversity _h[electronic resource] : _binside Japan's JET Program / _cDavid L. McConnell. |
| 246 | 3 | 0 | _aInside Japan's JET Program |
| 260 |
_aBerkeley : _bUniversity of California Press, _cc2000. |
||
| 300 |
_axviii, 328 p. : _bill. |
||
| 504 | _aIncludes bibliographical references (p. 283-316) and index. | ||
| 533 |
_aElectronic reproduction. _bPalo Alto, Calif. : _cebrary, _d2013. _nAvailable via World Wide Web. _nAccess may be limited to ebrary affiliated libraries. |
||
| 610 | 2 | 0 | _aJET Puroguramu. |
| 650 | 0 |
_aEducational exchanges _xSocial aspects _zJapan. |
|
| 650 | 0 |
_aMulticultural education _zJapan. |
|
| 655 | 7 |
_aElectronic books. _2local |
|
| 710 | 2 | _aebrary, Inc. | |
| 856 | 4 | 0 |
_uhttp://site.ebrary.com/lib/rucke/Doc?id=2001256 _zAn electronic book accessible through the World Wide Web; click to view |
| 999 |
_c127524 _d127524 |
||